000 00631nam a2200241Ia 4500
003 OSt
005 20220918182056.0
006 a|||||r|||| 00| 0
007 ta
008 220917b |||||||| |||| 00| 0 eng d
024 _a30,497
037 _cTextual
040 _aARTS
_cARTS
_beng
041 _2eng
_aeng
082 _aO111,3M54,1, N4
100 _aWilde Oscar
245 0 _aPicture of Dorian Gray
260 _aHerfordshire
_bWordsworth Classics
_c1994
300 _a177p.
_ccm.
650 _aENGLISH LITERATURE
942 _hO111,3M54,1, N4
_cTEXL
_2CC
999 _c167804
_d167804